<?xml version="1.0" encoding="UTF-8"?>
<collection xmlns="http://www.loc.gov/MARC21/slim">
    <record>
        <controlfield tag="001">59090</controlfield>
        <controlfield tag="005">20170127103258.0</controlfield>
        <datafield tag="037" ind1=" " ind2=" ">
            <subfield code="a">TAZ-TFG-2016-3059</subfield>
        </datafield>
        <datafield tag="041" ind1=" " ind2=" ">
            <subfield code="a">spa</subfield>
        </datafield>
        <datafield tag="100" ind1="1" ind2=" ">
            <subfield code="a">Corral, Ayelén</subfield>
        </datafield>
        <datafield tag="242" ind1="0" ind2="0">
            <subfield code="a">Explanation of the affective domain of mathematics at students of Dominican Republic</subfield>
        </datafield>
        <datafield tag="245" ind1="0" ind2="0">
            <subfield code="a">Exploración del dominio afectivo hacia las matemáticas en alumnos de 7º y 8º de República Dominicana</subfield>
        </datafield>
        <datafield tag="260" ind1=" " ind2=" ">
            <subfield code="a">Zaragoza</subfield>
            <subfield code="b">Universidad de Zaragoza</subfield>
            <subfield code="c">2016</subfield>
        </datafield>
        <datafield tag="506" ind1=" " ind2=" ">
            <subfield code="a">by-nc-sa</subfield>
            <subfield code="b">Creative Commons</subfield>
            <subfield code="c">3.0</subfield>
            <subfield code="u">http://creativecommons.org/licenses/by-nc-sa/3.0/</subfield>
        </datafield>
        <datafield tag="520" ind1=" " ind2=" ">
            <subfield code="a">En este trabajo se realiza, en primer lugar, una fundamentación teórica acerca del dominio afectivo en las matemáticas y los descriptores que lo componen: creencias, actitudes y emociones. A partir de ella se presenta la exploración llevada a cabo con alumnos de un colegio de Santo Domingo, con el fin de identificar algunas creencias que tienen estos alumnos sobre las matemáticas y la relación que se puede establecer entre el tipo de tarea que desarrollan y los aspectos afectivos en torno a ella. Para ello, he elaborado un cuestionario y un pre y pos-test a partir de otros realizados por algunos autores. El análisis de los mismos me permitió observar la variación producida en cuanto al dominio afectivo tras modificar el tipo de tareas a desarrollar en clase: el aumento de la sorpresa o la satisfacción, así como los sentimientos de seguridad, perseverancia y gusto al resolver problemas correctamente. Esto nos permitió concluir que sí existe relación entre las creencias, actitudes y emociones de los alumnos y el tipo de tareas que se desarrollan en clase; por lo que resulta necesario incorporar actividades matemáticas que incidan de manera positiva en el dominio afectivo del alumnado. Palabras clave: dominio afectivo, problemas matemáticos, emociones, creencias y actitudes.</subfield>
        </datafield>
        <datafield tag="521" ind1=" " ind2=" ">
            <subfield code="a">Graduado en Magisterio en Educación Primaria</subfield>
        </datafield>
        <datafield tag="540" ind1=" " ind2=" ">
            <subfield code="a">Derechos regulados por licencia Creative Commons</subfield>
        </datafield>
        <datafield tag="700" ind1=" " ind2=" ">
            <subfield code="a">Cárdenas Lizarazo, Janeth Amparo</subfield>
            <subfield code="e">dir.</subfield>
        </datafield>
        <datafield tag="710" ind1="2" ind2=" ">
            <subfield code="a">Universidad de Zaragoza</subfield>
            <subfield code="b">Matemáticas</subfield>
            <subfield code="c">Didáctica de la Matemática</subfield>
        </datafield>
        <datafield tag="856" ind1="0" ind2=" ">
            <subfield code="f">629211@celes.unizar.es</subfield>
        </datafield>
        <datafield tag="856" ind1="4" ind2=" ">
            <subfield code="s">1793496</subfield>
            <subfield code="u">http://zaguan.unizar.es/record/59090/files/TAZ-TFG-2016-3059.pdf</subfield>
            <subfield code="y">Memoria (spa)</subfield>
        </datafield>
        <datafield tag="909" ind1="C" ind2="O">
            <subfield code="o">oai:zaguan.unizar.es:59090</subfield>
            <subfield code="p">driver</subfield>
            <subfield code="p">trabajos-fin-grado</subfield>
        </datafield>
        <datafield tag="950" ind1=" " ind2=" ">
            <subfield code="a"></subfield>
        </datafield>
        <datafield tag="951" ind1=" " ind2=" ">
            <subfield code="a">deposita:2017-01-26</subfield>
        </datafield>
        <datafield tag="980" ind1=" " ind2=" ">
            <subfield code="a">TAZ</subfield>
            <subfield code="b">TFG</subfield>
            <subfield code="c">FEDU</subfield>
        </datafield>
    </record>

    
</collection>